000 00409nam a2200157 a 4500
005 20140414132105.0
008 100823s19uu xx 00 eng d
050 _aTR 428.2
_bF73 2009
100 _aFolse, Keith
245 _aGreat sentences for great paragraphs.
250 _a2nd ed
260 _aAustralia :
_bCengage Learning,
_c6439.
650 _aSentences
650 _aParagraphs
999 _c114571
_d114571